LDR 00890naa#a2200241#i#450# 001 EN\\bibl\122994 005 20260630094634.2 011 ## _a2077-7566 100 ## _a20260629b2026####ek#y0engy0150####ca 101 0# _aRUS 102 ## _aRU 200 1# _aINDIVIDUALIZED SURGICAL NAVIGATION TEMPLATE FOR CREATING OPERATIVE ACCESS TO AN IMPACTED MANDIBULAR THIRD MOLAR: A CLINICAL CASE _eJournal article 210 1# _aEkaterinburg _cTIRAZH Publishing House _d2026 215 ## _a5 с. 608 ## _aJournal article _2local 675 ## _aСтоматология. Заболевания ротовой полости и зубов. 616.31 _zRUS 686 ## _aКлиническая медицина. 76.29 _2grnti 700 #1 _aKvyatkovskaya _gAnna P. 700 #1 _aBulanov _gSergey I. 700 #1 _aLysov _gDmitry N. 700 #1 _aSofronov _gMatvey V. 700 #1 _aKhachatryan _gValery N. 856 4# _adental-press.ru _u